Internet adoption among Malaysian companies /
محفوظ في:
| المؤلف الرئيسي: | |
|---|---|
| التنسيق: | أطروحة كتاب |
| اللغة: | English |
| منشور في: |
2006.
|
| الموضوعات: | |
| الوسوم: |
إضافة وسم
لا توجد وسوم, كن أول من يضع وسما على هذه التسجيلة!
|
| LEADER | 01159cam a2200301 i 4500 | ||
|---|---|---|---|
| 001 | u1128212 | ||
| 003 | SIRSI | ||
| 005 | 201912091257 | ||
| 008 | 191209s2006 my a m 000 0 eng | ||
| 040 | |a UMM |e rda | ||
| 043 | |a a-my--- | ||
| 090 | |a HF1008 |b UM 2006 Tha | ||
| 100 | 1 | |a Tham, Yoong Cheong, |e author. | |
| 245 | 1 | 0 | |a Internet adoption among Malaysian companies / |c Tham Yoong Cheong. |
| 264 | 1 | |c 2006. | |
| 300 | |a ix, 116 leaves : |b illustrations ; |c 30 cm | ||
| 336 | |a text |2 rdacontent | ||
| 337 | |a unmediated |2 rdamedia | ||
| 338 | |a volume |2 rdacarrier | ||
| 502 | |b M.B.A. |c Sekolah Perniagaan Pascasiswazah, Fakulti Perniagaan dan Perakaunan, Universiti Malaya |d 2006. | ||
| 504 | |a Bibliography: leaves 79-88. | ||
| 650 | 0 | |a Business enterprises |x Computer network resources. | |
| 650 | 0 | |a Business enterprises |z Malaysia. | |
| 650 | 0 | |a Electronic commerce |z Malaysia. | |
| 710 | 2 | |a Universiti Malaya. |b Sekolah Perniagaan Pascasiswazah, |e degree granting institution. | |
| 596 | |a 1 | ||
| 900 | |a NSM | ||
| 999 | |a HF1008 UM 2006 THA |w LC |c 1 |i A517496049 |f 23/12/2019 |g 1 |l STACKS |m P01UTAMA |r Y |s Y |t TESIS |u 9/12/2019 |1 AHSS |o .STAFF. TIADA SURAT & CD DISERTAKAN. | ||
